00504nam a2200193 a 4500001001300000003000900013005001700022008004100039020001300080082001300093100002400106245002700130260004200157300000900199500003500208505002400243650001900267700002400286nice12345678IN_TiNIC20260116011256.0050524s1965 graa grp 000 0 eng  ac132.7500a933bPFE aPfeiifer, Charles F aBetween the Testaments aGrand RapidsbBaker Book House c1965 a132p aincludes index and biblioraphy2 aBibliography, Index aIsrael-History1 aPfeiifer, Charles F